000 00885nam a2200229Ii 4500
003 JO-AjNU
008 230605s9999||||xx |||||||||||||| ||und||
017 _a2021/4/2488
020 _a978-9957-94-695-1
040 _aJO-AjNU
_bara
_erda
_cJO-AjNU
041 _aara
050 1 4 _aPN81.U2 2021
100 3 _aقبيلات، سعود,
_eauthor
_963779
245 0 0 _aمشيت على ضفافهم: (نظرات في سير مبدعين ونتاجاتهم)
264 3 1 _aعمان: وزارة الثقافه، 2021
300 _a478ص
336 _atext
_btxt
_2rdacontent
337 _aunmediated
_bn
_2rdamedia
338 _avolume
_bnc
_2rdacarrier
490 0 _aفكر ومعرفة2021 سلسلة فكر ومعرفة من منشورات وزارة الثقافة
650 4 _aالادب العربي-الدراسات الادبية-نقد أدبي-العصر الحديث
_963780
999 _aA28948
_c32516
_d32516